000 00484nam a22001217a 4500
040 _cRUA
082 _aRUA NGO 2011 C051 Or.
100 _aNGO BUNTHAN, ង៉ោ ប៊ុនថាន
245 _aJournal Of Agricultural Sciences and Rural Development,ទស្សនាវដ្ដី វិទ្យាសាស្រ្តកសិកម្ម និង អភិវឌ្ឍន៍ជនបទ
260 _aPHNOM PENH
_bRUA
_c2011
300 _aiv,80p,
_bill,
_c29cm,
942 _cMA
999 _c25488
_d25488